| 000 | 00532cam a2200217ua 4500 | ||
|---|---|---|---|
| 001 | 8967 | ||
| 005 | 20260515114417.0 | ||
| 008 | 150219n ii |||gr||||Z||||||asm | ||
| 020 | _a9789382726029 | ||
| 040 | _cMAIN | ||
| 041 | _aasm | ||
| 082 | _a809 | ||
| 100 |
_aSharma, M., _eAuthor. |
||
| 245 | 1 |
_aSahityar oitijya aru noirajya _cBy Manoj Sharma |
|
| 250 | _a1st. | ||
| 260 |
_aGuwahati: _bAank-bank, _c2012. |
||
| 300 | _a224p. | ||
| 653 | _aHistory, description & criticism | ||
| 653 | _aLiterary criticism | ||
| 942 | _cBK | ||
| 999 |
_c8054 _d8054 |
||